000 01129nam a22002657a 4500
005 20100915122746.0
008 100915t xxu||||| |||| 00| 0 hin d
010 _aHIN-90497
020 _a9788188540877
_c450.00
035 _aHN-62843
037 _bDBAD / PUB
040 _aDPL
_bHN
082 _a
100 _aठाकरान, एस.
_920178
245 _aस्खलन /
_cएस. ठाकरान
246 _aSkhlan
_bby S. Thakraan
260 _aदिल्ली
_bआर.के.पब्लिशर्स एंड डिस्ट्रीब्यूटर्स
_c2010
270 _aएल-45, गली नं 5, शिवाजी मार्ग, करतार नगर
_bदिल्ली
_e110053
300 _a296पृ.
_c22सेमी (सजिल्द)
650 _91159
_aहिन्दी कथा साहित्य
700 _920179
700 _920333
942 _2ddc
_cHN
_h
_mठाकरा
999 _c46212
_d46212